Normal view
MARC view
- Numerical methods for Engineers
Entry Topical Term
001 - CONTROL NUMBER
- control field: 5100
003 - CONTROL NUMBER IDENTIFIER
- control field: JO-AjAnu
005 - DATE AND TIME OF LATEST TRANSACTION
- control field: 20230606071129.0
008 - FIXED-LENGTH DATA ELEMENTS
- fixed length control field: 230606|| aca||aabn | a|a d
040 ## - CATALOGING SOURCE
- Original cataloging agency: JO-AjAnu
- Transcribing agency: JO-AjAnu
150 ## - HEADING--TOPICAL TERM
- Topical term or geographic name entry element: Numerical methods for Engineers
670 ## - SOURCE DATA FOUND
- Source citation: Work cat.: (JO-AjAnu)2635: Gupta ,Santosh, author 5099, Numerical methods for Engineers